000 00594nai a2200181Ia 4500
003 IN-BaIIA
008 211028c9999 xx s 000 0 eng d
022 _a1758-2229 (Online)
022 _a1758-2229 (Print)
040 _cIIA Library
245 0 _aEnvironmental Microbiology Reports
_h[eJournal]
260 _aNew Jersey
_bJohn Wiley & Sons
310 _aBimonthly
362 _a1(1); 2009 - Present
521 _bSubscribed through National Knowledge Resource Consortium (NKRC)
856 _uhttps://onlinelibrary.wiley.com/journal/17582229
_yClick Here to Access eJournal
942 _cEJ
999 _c34326
_d34326